[Event "China zt 3.5 (Women)"]
[Site "Zibo"]
[Date "2019.09.09"]
[Round "7"]
[White "Li, Xueyi"]
[Black "Zhang, Yuxuan"]
[Result "1/2-1/2"]
[WhiteElo "2323"]
[BlackElo "1979"]
[PlyCount "109"]
[EventDate "2019.09.05"]
[EventType "swiss"]
[EventRounds "11"]
[EventCountry "CHN"]
[SourceTitle "EXT 2020"]
[Source "ChessBase"]
[SourceDate "2019.10.17"]
[SourceVersion "1"]
[SourceVersionDate "2019.10.17"]
[SourceQuality "1"]

1. d4 Nf6 2. Nf3 g6 3. g3 Bg7 4. Bg2 0-0 5. 0-0 d6 6. b3 c5 7. Bb2 Nc6 8. c4 Bf5 9. d5 Na5 10. Nbd2 a6 11. Re1 e5 12. dxe6 Bxe6 13. Qc2 Nc6 14. a3 Qc7 15. Rad1 Rad8 16. Bc3 Ne5 17. Qb2 Nxf3+ 18. Bxf3 Ne8 19. Bxg7 Nxg7 20. Ne4 Ne8 21. h4 d5 22. Ng5 d4 23. e3 Qb6 24. exd4 cxd4 25. Nxe6 fxe6 26. Qe2 Ng7 27. b4 Qc7 28. c5 e5 29. Bg2 Rfe8 30. a4 Kh8 31. Qe4 Re7 32. Qe2 a5 33. Qb5 axb4 34. Qxb4 Ne6 35. c6 bxc6 36. Rxe5 Qxe5 37. Qxe7 Qd6 38. Qf6+ Kg8 39. Re1 Nc7 40. Qg5 d3 41. Qd2 c5 42. h5 c4 43. hxg6 hxg6 44. Qc1 Qb4 45. Rf1 c3 46. Qg5 Qd6 47. Be4 Kg7 48. Bxd3 Qxd3 49. Qe7+ Kg8 50. Qxc7 c2 51. Qc6 Qxf1+ 52. Kxf1 Rd1+ 53. Kg2 c1Q 54. Qe8+ Kg7 55. Qe7+ 1/2-1/2

[Event "China zt 3.5 (Women)"]
[Site "Zibo"]
[Date "2019.09.07"]
[Round "5"]
[White "Ren, Xiaoyi"]
[Black "Zhang, Yuxuan"]
[Result "1-0"]
[WhiteElo "2231"]
[BlackElo "1979"]
[PlyCount "107"]
[EventDate "2019.09.05"]
[EventType "swiss"]
[EventRounds "11"]
[EventCountry "CHN"]
[SourceTitle "EXT 2020"]
[Source "ChessBase"]
[SourceDate "2019.10.17"]
[SourceVersion "1"]
[SourceVersionDate "2019.10.17"]
[SourceQuality "1"]

1. d4 Nf6 2. c4 g6 3. Bf4 Bg7 4. Nf3 0-0 5. e3 c5 6. Be2 d6 7. h3 Nc6 8. Nc3 Bf5 9. 0-0 cxd4 10. exd4 Ne4 11. Nxe4 Bxe4 12. d5 Bxf3 13. Bxf3 Ne5 14. Be2 a5 15. Rc1 Nd7 16. b3 b6 17. Re1 Re8 18. Qd2 Qc7 19. Bf1 Nc5 20. Re3 Bf6 21. Rce1 Ra7 22. a4 Qd8 23. Be2 Rd7 24. Bg4 Ra7 25. Qd1 Qc7 26. Qf3 Nd7 27. Qg3 Ne5 28. Bd1 Qc5 29. h4 e6 30. dxe6 Rxe6 31. h5 Rae7 32. hxg6 hxg6 33. Bg4 Nxg4 34. Rxe6 Rxe6 35. Rxe6 fxe6 36. Qxg4 Kf7 37. Qf3 Qd4 38. g3 d5 39. cxd5 Qxd5 40. Qe3 Bd4 41. Qc1 Bc5 42. Qc3 Qd1+ 43. Kg2 Qd5+ 44. Qf3 Kf6 45. g4 Be7 46. Be3+ Qxf3+ 47. Kxf3 Bd8 48. Ke4 Bc7 49. Kd4 Bd6 50. Kc4 Bb4 51. Kb5 Ke5 52. Bxb6 Be1 53. Bxa5 Bxf2 54. Bb6 1-0

[Event "China zt 3.5 (Women)"]
[Site "Zibo"]
[Date "2019.09.07"]
[Round "4"]
[White "Zhang, Yuxuan"]
[Black "Zhou, Zirun"]
[Result "1-0"]
[WhiteElo "1979"]
[BlackElo "2155"]
[PlyCount "71"]
[EventDate "2019.09.05"]
[EventType "swiss"]
[EventRounds "11"]
[EventCountry "CHN"]
[SourceTitle "EXT 2020"]
[Source "ChessBase"]
[SourceDate "2019.10.17"]
[SourceVersion "1"]
[SourceVersionDate "2019.10.17"]
[SourceQuality "1"]

1. e4 e5 2. Nf3 Nc6 3. Bc4 Bc5 4. c3 Nf6 5. d3 d6 6. 0-0 a5 7. a4 0-0 8. Nbd2 Be6 9. Re1 Qb8 10. Nf1 Qa7 11. Be3 Bxc4 12. dxc4 Nxe4 13. Qd3 f5 14. Ng3 Nxg3 15. Qd5+ Kh8 16. hxg3 Rae8 17. Ng5 Nd8 18. b4 axb4 19. cxb4 Bxe3 20. Rxe3 e4 21. Qd1 Ne6 22. Nxe6 Rxe6 23. a5 c6 24. Ra2 Rd8 25. b5 cxb5 26. cxb5 d5 27. a6 bxa6 28. Rea3 e3 29. Rxa6 exf2+ 30. Rxf2 Rxa6 31. bxa6 Qxa6 32. Rxf5 Qb6+ 33. Kh2 Qe6 34. Qg4 Qd7 35. Rf8+ Rxf8 36. Qxd7 1-0

[Event "China zt 3.5 (Women)"]
[Site "Zibo"]
[Date "2019.09.06"]
[Round "3"]
[White "Zhang, Yuxuan"]
[Black "Ha, Yihan"]
[Result "1-0"]
[WhiteElo "1979"]
[BlackElo "1580"]
[PlyCount "61"]
[EventDate "2019.09.05"]
[EventType "swiss"]
[EventRounds "11"]
[EventCountry "CHN"]
[SourceTitle "EXT 2020"]
[Source "ChessBase"]
[SourceDate "2019.10.17"]
[SourceVersion "1"]
[SourceVersionDate "2019.10.17"]
[SourceQuality "1"]

1. e4 c6 2. d4 d5 3. Nd2 dxe4 4. Nxe4 Bf5 5. Ng3 Bg6 6. h4 h6 7. Nf3 Nd7 8. h5 Bh7 9. Bd3 Bxd3 10. Qxd3 e6 11. Bd2 Ngf6 12. 0-0-0 Be7 13. Qe2 c5 14. dxc5 Qc7 15. Bc3 0-0 16. Nf1 Nxc5 17. Ne3 Rac8 18. g4 Nh7 19. Be5 Qa5 20. Kb1 b5 21. g5 Nxg5 22. Nxg5 Bxg5 23. f4 Be7 24. Rhg1 f6 25. Rxg7+ Kxg7 26. Qg4+ Kh8 27. Qg6 Ne4 28. Qxh6+ Kg8 29. Rg1+ Ng5 30. Rxg5+ fxg5 31. Qg7# 1-0

[Event "Shaoxing (Women) op"]
[Site "Shaoxing"]
[Date "2019.07.17"]
[Round "9"]
[White "Hu, Yu A"]
[Black "Zhang, Yuxuan"]
[Result "0-1"]
[WhiteElo "2095"]
[BlackElo "1987"]
[PlyCount "124"]
[EventDate "2019.07.08"]
[EventType "swiss"]
[EventRounds "9"]
[EventCountry "CHN"]
[SourceTitle "EXT 2020"]
[Source "ChessBase"]
[SourceDate "2019.10.17"]
[SourceVersion "1"]
[SourceVersionDate "2019.10.17"]
[SourceQuality "1"]

1. e4 c5 2. Nf3 e6 3. d4 cxd4 4. Nxd4 Nc6 5. Nc3 a6 6. g3 d6 7. Bg2 Bd7 8. 0-0 Nf6 9. Nce2 Be7 10. c4 Ne5 11. b3 0-0 12. Bb2 Qb6 13. Qd2 Rfd8 14. Kh1 Ng6 15. f4 e5 16. Nf5 Bf8 17. fxe5 dxe5 18. Qg5 h6 19. Nxh6+ gxh6 20. Qxf6 Qxf6 21. Rxf6 Bg4 22. Ng1 Rd2 23. Bc3 Rc2 24. Ba5 Be7 25. Rff1 Bc5 26. Rfc1 Rf2 27. h3 Be6 28. Be1 Rb2 29. Bc3 Rf2 30. a4 Bd4 31. Bxd4 exd4 32. Rf1 Rc2 33. Nf3 Rd8 34. Rfd1 d3 35. Rd2 Rc3 36. Rb1 Ne7 37. Bf1 Nc6 38. Kg2 Na5 39. Ne1 Nxb3 40. Rxd3 Rdxd3 41. Bxd3 Nc5 42. Bc2 Bxc4 43. Kf2 b5 44. axb5 axb5 45. e5 Nd7 46. Be4 Nxe5 47. Nf3 Nxf3 48. Bxf3 Rb3 49. Rd1 b4 50. Rd8+ Kg7 51. Rb8 Rb2+ 52. Ke3 b3 53. Kd4 Be6 54. h4 f5 55. Ke5 Bc4 56. Bh5 Rd2 57. Rb7+ Kf8 58. Rb8+ Ke7 59. Re8+ Kd7 60. Rb8 b2 61. Bg6 Rd5+ 62. Kf6 Bb5 0-1

[Event "Shenzhen op 1st"]
[Site "Shenzhen"]
[Date "2018.07.29"]
[Round "7"]
[White "Zhang, Yuxuan"]
[Black "Li, Bo"]
[Result "0-1"]
[WhiteElo "1939"]
[BlackElo "2361"]
[PlyCount "110"]
[EventDate "2018.07.26"]
[EventType "swiss"]
[EventRounds "9"]
[EventCountry "CHN"]
[SourceTitle "CBM 185 Extra"]
[Source "ChessBase"]
[SourceDate "2018.07.29"]
[SourceVersion "1"]
[SourceVersionDate "2018.07.29"]
[SourceQuality "1"]

1. e4 c5 2. Nf3 Nc6 3. d4 cxd4 4. Nxd4 Qb6 5. Nb3 Nf6 6. Nc3 d6 7. Be3 Qd8 8. Be2 g6 9. 0-0 Bg7 10. h3 0-0 11. Qd2 Be6 12. f4 Na5 13. Nxa5 Qxa5 14. Bf3 Rfc8 15. Rfd1 Qb4 16. a3 Qxb2 17. Bd4 Nd7 18. Ne2 Qxc2 19. Bxg7 Qxd2 20. Rxd2 Kxg7 21. e5 Nc5 22. exd6 Nb3 23. Bxb7 Nxd2 24. Rd1 Ne4 25. d7 Rd8 26. Bxa8 Nd6 27. Bc6 Bxd7 28. Bxd7 Rxd7 29. Rd4 Rc7 30. Ra4 Kf6 31. Kf2 h5 32. g3 Nb5 33. Ra5 Nc3 34. Nxc3 Rxc3 35. Rxa7 h4 36. g4 Rxh3 37. a4 Rg3 38. g5+ Ke6 39. a5 Ra3 40. a6 h3 41. Kg1 Ra2 42. Kh1 Ra4 43. Kh2 Rxf4 44. Kxh3 Ra4 45. Kg3 f5 46. gxf6 exf6 47. Ra8 Kf5 48. a7 Ra3+ 49. Kf2 Kg5 50. Kg2 f5 51. Kf2 f4 52. Kg2 Kg4 53. Rg8 Ra2+ 54. Kg1 Rxa7 55. Rxg6+ Kf3 0-1

[Event "Zibo zt 3.5 (Women)"]
[Site "Zibo"]
[Date "2017.08.08"]
[Round "2"]
[White "Ha, Yihan"]
[Black "Zhang, Yuxuan"]
[Result "0-1"]
[WhiteElo "1538"]
[BlackElo "1861"]
[PlyCount "120"]
[EventDate "2017.08.07"]
[EventType "swiss"]
[EventRounds "11"]
[EventCountry "CHN"]
[SourceTitle "CBM 179 Extra"]
[Source "ChessBase"]
[SourceDate "2017.08.23"]
[SourceVersion "1"]
[SourceVersionDate "2017.08.23"]
[SourceQuality "1"]

1. d4 Nf6 2. c4 g6 3. Nc3 Bg7 4. Nf3 0-0 5. g3 d6 6. Bg2 Nc6 7. 0-0 Bf5 8. Nh4 Bd7 9. e4 Ne8 10. Nf3 e5 11. d5 Na5 12. Qe2 c5 13. a3 Nb3 14. Rb1 Nd4 15. Nxd4 exd4 16. Nd1 f5 17. b4 fxe4 18. Bxe4 Qe7 19. Re1 Nf6 20. Bd3 Qxe2 21. Rxe2 Bg4 22. Re1 Nd7 23. Bf4 Be5 24. Bh6 Rf7 25. f4 Bg7 26. Bxg7 Kxg7 27. Nf2 Nf6 28. bxc5 dxc5 29. Bc2 b6 30. Kg2 Bd7 31. Ne4 Bf5 32. Nxf6 Bxc2 33. Rbc1 d3 34. Ne4 Re7 35. Nd2 Rae8 36. Kf2 Re2+ 37. Kf1 Kf7 38. Rxe2 Rxe2 39. Nf3 d2 40. Nxd2 Rxd2 41. h3 Bf5 42. g4 Bd7 43. Rc3 Rd4 44. Ke2 Rxf4 45. Ke3 Rd4 46. Rc1 h5 47. Rf1+ Kg7 48. gxh5 gxh5 49. Rg1+ Kh6 50. Rf1 Bxh3 51. Rf7 Rxc4 52. Rxa7 Rd4 53. Rb7 Rxd5 54. Rxb6+ Kg5 55. a4 Bf1 56. Kf2 Bd3 57. a5 c4 58. a6 Ra5 59. Kg1 c3 60. Rc6 c2 0-1

[Event "Zibo zt 3.5 (Women)"]
[Site "Zibo"]
[Date "2017.08.08"]
[Round "3"]
[White "Zhang, Yuxuan"]
[Black "Nie, Xin"]
[Result "0-1"]
[WhiteElo "1861"]
[BlackElo "2084"]
[PlyCount "120"]
[EventDate "2017.08.07"]
[EventType "swiss"]
[EventRounds "11"]
[EventCountry "CHN"]
[SourceTitle "CBM 179 Extra"]
[Source "ChessBase"]
[SourceDate "2017.08.23"]
[SourceVersion "1"]
[SourceVersionDate "2017.08.23"]
[SourceQuality "1"]

1. e4 e5 2. Nf3 Nc6 3. Bc4 Bc5 4. c3 Nf6 5. d3 a6 6. Bb3 d6 7. Nbd2 Ba7 8. Nf1 h6 9. Ng3 0-0 10. 0-0 Be6 11. Bxe6 fxe6 12. Qb3 Qd7 13. Be3 b5 14. Bxa7 Rxa7 15. d4 exd4 16. cxd4 d5 17. Rae1 Raa8 18. e5 Nh7 19. Qc3 b4 20. Qc5 a5 21. Rc1 Ra6 22. Nd2 a4 23. f4 Rb6 24. f5 exf5 25. Nxf5 Rxf5 26. Rxf5 Qxf5 27. Qxd5+ Qf7 28. e6 Qe8 29. Nc4 Nf6 30. Qc5 Rb8 31. Ne5 Nd8 32. e7 Ne6 33. Qc4 Rb6 34. d5 Qxe7 35. dxe6 Rxe6 36. Nc6 Qf7 37. Qxb4 Re4 38. Qc5 Qe6 39. h3 Kh7 40. a3 Re2 41. Qd4 Ne4 42. Ne5 Nf2 43. Nf3 Qg6 44. Kf1 Nd3 45. Kxe2 Nxc1+ 46. Ke3 Qxg2 47. Qe4+ Kh8 48. Qe8+ Kh7 49. Qe4+ Qg6 50. Qxa4 Qd3+ 51. Kf2 Qe2+ 52. Kg3 Nd3 53. Qd4 c5 54. Qd6 Qf2+ 55. Kg4 h5+ 56. Kg5 Qg2+ 57. Kxh5 Qxf3+ 58. Kh4 Nf4 59. Qd7 Ng6+ 60. Kg5 Qf4+ 0-1

[Event "CHN-chT qual (Women)"]
[Site "Jiaxing"]
[Date "2017.07.03"]
[Round "9"]
[White "Zhao, Shengxin"]
[Black "Zhang, Yuxuan"]
[Result "1/2-1/2"]
[WhiteElo "2112"]
[BlackElo "1847"]
[PlyCount "41"]
[EventDate "2017.06.29"]
[EventType "swiss"]
[EventRounds "9"]
[EventCountry "CHN"]
[SourceTitle "EXT 2018"]
[Source "ChessBase"]
[SourceDate "2017.10.13"]
[SourceVersion "1"]
[SourceVersionDate "2017.10.13"]
[SourceQuality "1"]

1. d4 Nf6 2. c4 g6 3. Nc3 Bg7 4. e4 d6 5. Be2 0-0 6. Nf3 c6 7. 0-0 Na6 8. h3 e5 9. Bg5 Qc7 10. d5 Ne8 11. g4 f5 12. exf5 gxf5 13. Nd2 c5 14. gxf5 Bxf5 15. Bg4 Qf7 16. Bxf5 Qxf5 17. Qg4 Nac7 18. Nde4 Rf7 19. Qxf5 Rxf5 20. Be3 Rb8 21. a4 1/2-1/2

[Event "CHN-chB (Women)"]
[Site "Zhongshan"]
[Date "2015.07.18"]
[Round "3"]
[White "Wang, Doudou"]
[Black "Zhang, Yuxuan"]
[Result "1-0"]
[WhiteElo "2162"]
[BlackElo "1842"]
[PlyCount "93"]
[EventDate "2015.07.17"]
[EventType "swiss"]
[EventRounds "11"]
[EventCountry "CHN"]
[SourceTitle "CBM 167 Extra"]
[Source "ChessBase"]
[SourceDate "2015.09.14"]
[SourceVersion "1"]
[SourceVersionDate "2015.09.14"]
[SourceQuality "1"]

1. d4 Nf6 2. c4 g6 3. Nc3 Bg7 4. e4 d6 5. f3 0-0 6. Be3 e5 7. Nge2 Nh5 8. g4 Nf4 9. dxe5 Nxe2 10. Bxe2 dxe5 11. Qxd8 Rxd8 12. Nd5 Na6 13. 0-0-0 Be6 14. Bg5 Re8 15. Nf6+ Bxf6 16. Bxf6 Nb4 17. Kb1 Nc6 18. Bd3 Nd4 19. Rhf1 Bd7 20. g5 c5 21. h4 a6 22. Rf2 Bc6 23. h5 Rac8 24. b3 Rc7 25. Kb2 Rd7 26. Bf1 Ne6 27. Rxd7 Bxd7 28. Bxe5 Nxg5 29. Bf6 Ne6 30. Rd2 Bc6 31. h6 Nf4 32. a3 Nh5 33. Bg5 f6 34. Be3 f5 35. Bxc5 fxe4 36. fxe4 Bxe4 37. Bh3 Nf4 38. Bd7 Nd3+ 39. Rxd3 Bxd3 40. Bxe8 g5 41. Kc3 Bf5 42. Kd4 g4 43. Ke5 Bd3 44. Kf6 g3 45. Bf7+ Kh8 46. Bf8 g2 47. Bg7# 1-0